Campesinos en la ciudad : (Record no. 98762)

MARC details
000 -CABECERA
campo de control de longitud fija 00610nam a2200193 a 4500
005 - FECHA Y HORA DE LA ÚLTIMA TRANSACCIÓN
campo de control 20220607063626.0
008 - ELEMENTOS DE LONGITUD FIJA--INFORMACIÓN GENERAL
campo de control de longitud fija 030623s1976 mx r 000 0 spa d
035 ## - NÚMERO DE CONTROL DEL SISTEMA
Número de control de sistema UPN01000126583
049 ## - COLECCIÓN
Colección SEP
050 #4 - SIGNATURA TOPOGRÁFICA DE LA BIBLIOTECA DEL CONGRESO
Número de clasificación AC75
Número de documento/Ítem S4 no.270
100 1# - ASIENTO PRINCIPAL--NOMBRE PERSONAL
Nombre de persona Kemper, Robert V.
245 10 - MENCIÓN DE TÍTULO
Título Campesinos en la ciudad :
Resto del título gente de Tzintzuntzan /
Mención de responsabilidad, etc. Robert V. Kemper ; tr. Poli Délano.
260 ## - PUBLICACIÓN, DISTRIBUCIÓN, ETC.
Lugar de publicación, distribución, etc. México :
Nombre del editor, distribuidor, etc. SEP,
Fecha de publicación, distribución, etc. 1976.
300 ## - DESCRIPCIÓN FÍSICA
Extensión 157 p. :
Otras características físicas il.
440 #0 - MENCIÓN DE SERIE/ASIENTO SECUNDARIO--TÍTULO
Título SepSetentas ;
Designación de volumen o secuencia 270
651 #4 - ASIENTO SECUNDARIO DE MATERIA - NOMBRE GEOGRAFICO
Nombre geográfico TZINTZUNTZAN, MICHOACAN -
Subdivisión general VIDA SOCIAL Y COSTUMBRES
9 (RLIN) 15195
650 #4 - ASIENTO SECUNDARIO DE MATERIA - TERMINO TEMATICO
Término de materia o nombre geográfico como elemento de entrada Migración interna
Subdivisión geográfica México
9 (RLIN) 5825
905 ## - TIPO DE MATERIAL
Tipo de material Libro
Holdings
Estado de retiro Estado de pérdida Fuente del sistema de clasificación o colocación Estado dañado No para préstamo Código de colección Localización permanente Ubicación/localización actual Ubicación en estantería Fecha de adquisición Clasificación Código de barras Fecha visto por última vez Número de copia Tipo de ítem Koha
    Library of Congress Classification   Coleccion SEP Colección SEP Bib. Gregorio Torres Quintero Bib. Gregorio Torres Quintero Colección SEP 09/05/2023 AC75 S4 no.270 4413 31/12/2020 1 Libro
    Library of Congress Classification   Coleccion SEP Colección SEP Bib. Gregorio Torres Quintero Bib. Gregorio Torres Quintero Colección SEP 09/05/2023 AC75 S4 no.270 1878 31/12/2020 1 Libro